000 00316nam a2200121Ia 4500
999 _c10883
_d10883
008 191201s2007 xx 000 0 und d
100 _aTYAGI, Anita
245 0 _aGarment Construction
260 _aNew Delhi
_bSonali
_c2019
300 _a232
650 _aBachelor of Fashion and Apparel Design
942 _2ddc
_cBK
_04